Así se organiza la venta al detall / (Record no. 133003)

MARC details
000 -LEADER
campo de control de longitud fija 00586nam a2200181 4500
001 - NÚMERO DE CONTROL
campo de control 133003
003 - IDENTIFICADOR DE NÚMERO DE CONTROL
campo de control ES-MaACL
005 - FECHA Y HORA DE LA ÚLTIMA TRANSACCIÓN
campo de control 20230906194312.0
007 - CAMPO FIJO DE DESCRIPCIÓN FÍSICA--INFORMACIÓN GENERAL
campo de control de longitud fija t|
008 - DATOS DE LONGITUD FIJA--INFORMACIÓN GENERAL
campo de control de longitud fija 070214s1970 sp r ||||1| spa d
100 1# - ENTRADA PRINCIPAL--NOMBRE DE PERSONA
Nombre de persona Ross, Michael D. H.
9 (RLIN) 99818
245 10 - MENCIÓN DEL TÍTULO
Título Así se organiza la venta al detall /
Mención de responsabilidad, etc. Michael D. H. Ross ; traducción de Gonzalo Martínez Arteaga, Javier Miranda.
260 ## - PUBLICACIÓN, DISTRIBUCIÓN, ETC.
Lugar de publicación, distribución, etc. Salamanca :
Nombre del editor, distribuidor, etc. Anaya,
Fecha de publicación, distribución, etc. 1970.
300 ## - DESCRIPCIÓN FÍSICA
Extensión 212 p. ;
Dimensiones 18 cm.
700 1# - ENTRADA AGREGADA--NOMBRE PERSONAL
Nombre de persona Martínez Arteaga, Gonzalo.
9 (RLIN) 77869
700 1# - ENTRADA AGREGADA--NOMBRE PERSONAL
Nombre de persona Miranda, Javier.
9 (RLIN) 81523
852 ## - LOCALIZACIÓN
Ubicación ES-MaACL
Número de control de estantería C-44288
Sublocalización o colección R.76259
Holdings
Estatus retirado Estado de pérdida Estado de daño No para préstamo Biblioteca de origen Biblioteca actual Ubicación en estantería Fecha de adquisición Fuente de adquisición Total de préstamos Signatura topográfica completa Código de barras Visto por última vez Precio de reemplazo Tipo de ítem Koha
        Biblioteca del Ateneo de Madrid Biblioteca del Ateneo de Madrid Depósito 2 17/01/2008     C-44288 1138467 23/02/2023 23/02/2023 Libro impreso